书目信息 |
| 题名: |
工程地质
|
|
| 作者: | 刘新荣, , 杨忠平, , 忠平 主编 | |
| 分册: | ||
| 出版信息: | 武汉 武汉大学出版社 2018.11 |
|
| 页数: | 263页 | |
| 开本: | 29cm | |
| 丛书名: | ||
| 单 册: | ||
| 中图分类: | P642 | |
| 科图分类: | ||
| 主题词: | 工程地质--gong cheng di zhi--高等学校--教材 | |
| 电子资源: | ||
| ISBN: | 978-7-307-20446-1 | |
| 000 | 01313nam 2200325 450 | |
| 001 | 2232486534 | |
| 005 | 20220526154955.44 | |
| 010 | @a978-7-307-20446-1@dCNY48.00 | |
| 100 | @a20190124d2018 em y0chiy50 ea | |
| 101 | 0 | @achi |
| 102 | @aCN@b420000 | |
| 105 | @aak a 000yy | |
| 200 | 1 | @a工程地质@Agong cheng di zhi@f刘新荣, 忠平主编@FLiu Xin Rong,Zhong Ping Zhu Bian |
| 210 | @a武汉@c武汉大学出版社@d2018.11 | |
| 215 | @a263页@c图@d29cm | |
| 225 | 2 | @Agao deng xue xiao tu mu gong cheng zhuan ye xi lie gui hua jiao cai |
| 300 | @a高等学校土木工程专业系列规划教材 | |
| 312 | @a英文题名取自封面 | |
| 314 | @a刘新荣, 1969年生, 二级教授, 博士生导师。杨忠平, 1981年生, 副教授, 博士生导师。 | |
| 320 | @a有书目 | |
| 330 | @a本书共分7章, 主要内容包括绪论、地质学基础、土的工程性质、岩石和岩体的工程性质、地下水及其对工程的影响、不良地质作用及防治, 以及工程地质勘察方法。 | |
| 410 | 0 | @12001 @Agao deng xue xiao tu mu gong cheng zhuan ye xi lie gui hua jiao cai |
| 510 | 1 | @a=Engineering geology@zeng |
| 606 | 0 | @a工程地质@Agong cheng di zhi@x高等学校@j教材 |
| 690 | @aP642@v5 | |
| 701 | 0 | @a刘新荣,@Aliu xin rong@f1969-@4主编 |
| 701 | 0 | @a杨忠平,@Ayang zhong ping@f1981-@4主编 |
| 701 | 0 | @a忠平@AZhong Ping@4主编 |
| 801 | 0 | @aCN@b河南城建学院图书馆@c20190124 |
| 905 | @dP642@eL695@f2 | |
| 工程地质/刘新荣, 忠平主编.-武汉:武汉大学出版社,2018.11 |
| 263页:图;29cm |
| 高等学校土木工程专业系列规划教材 |
| ISBN 978-7-307-20446-1:CNY48.00 |
| 本书共分7章, 主要内容包括绪论、地质学基础、土的工程性质、岩石和岩体的工程性质、地下水及其对工程的影响、不良地质作用及防治, 以及工程地质勘察方法。 |
| ● |
| 相关链接 |
|
|
|
正题名:工程地质
索取号:P642/L695
 
预约/预借
| 序号 | 登录号 | 条形码 | 馆藏地/架位号 | 状态 | 备注 |
| 1 | 1507516 | 215075166 | 自科库401/401自科库 133排1列5层/ [索取号:P642/L695] | 在馆 | |
| 2 | 1507517 | 215075175 | 自科库401/401自科库 133排1列5层/ [索取号:P642/L695] | 在馆 |